القاشاني (الفيانس المصري) في مصر القديمة و استخداماته الملكية في الدولة الحديث /
استهدفت هذه الدراسة بصورة أساسية تقديم دراسة شاملة عن القاشاني في مصر القديمة مع التركيز على الاستخدامات الملكية له في الدولة الحديثة. فقد كانت مادة القاشاني أولى المواد المزججة التي عرفها الإنسان : و يعد المصريون القدماء هم أول من عرفوا صناعة القاشاني. و أقدم الأشياء المصنوعة من الفيانس التي و صلتن...
المؤلف الرئيسي:
التنسيق: أطروحة كتاب
اللغة: Arabic
الموضوعات:
الوسوم: إضافة وسم
رقم الطلب: Diss.,110 volume 1-2 2012
| LEADER | 03911nam a2200265Ia 4500 | ||
|---|---|---|---|
| 005 | 20200201012523.0 | ||
| 008 | 130303t2012 xx a f m 000 0 ara d | ||
| 043 | |a f-ua--- | ||
| 050 | 0 | 0 | |a Diss.,110 volume 1-2 2012 |
| 100 | 1 | |a أحمد، رباب عاشور سيد، |e author. | |
| 245 | 1 | 2 | |a القاشاني (الفيانس المصري) في مصر القديمة و استخداماته الملكية في الدولة الحديث / |c رباب عاشور سيد أحمد. |
| 264 | 1 | |c 2012. | |
| 300 | |a 2 مجلد : |b إيضاحيات ؛ |c 29 سم + |e قرص مدمج | ||
| 336 | |a text |b txt |2 rdacontent | ||
| 337 | |a unmediated |b n |2 rdamedia | ||
| 338 | |a volume |b nc |2 rdacarrier | ||
| 500 | |a تحت إشراف علي رضوان، مها سمير القناوي. | ||
| 502 | |a أطروحة (ماجستير) -- جامعة القاهرة، كلية الآثار، قسم الآثار المصرية، 2012. | ||
| 520 | |a استهدفت هذه الدراسة بصورة أساسية تقديم دراسة شاملة عن القاشاني في مصر القديمة مع التركيز على الاستخدامات الملكية له في الدولة الحديثة. فقد كانت مادة القاشاني أولى المواد المزججة التي عرفها الإنسان : و يعد المصريون القدماء هم أول من عرفوا صناعة القاشاني. و أقدم الأشياء المصنوعة من الفيانس التي و صلتنا من مصر القديمة كان الخرز: و في بعض الأحيان التمائم التي و جدت كحلي في دفنات عصر ما قبل الأسرات من البداري و نقادة. | ||
| 555 | |a Omnia | ||
| 651 | 4 | |a مصر القديمة |x تاريخ. | |
| 952 | |0 0 |1 0 |2 lcc |3 V.1 |4 0 |7 1 |9 27207 |a ARCE |b ARCE |d 2022-01-25 |l 0 |o Diss.,110 volume 1-2 2012 |p 1036833 |r 2022-01-25 00:00:00 |w 2022-01-25 |y THESES | ||
| 952 | |0 0 |1 0 |2 lcc |3 V.2 |4 0 |7 1 |9 50999 |a ARCE |b ARCE |d 2023-10-23 |l 0 |o Diss.,110 volume 1-2 2012 |p 1036834 |r 2023-10-23 00:00:00 |w 2023-10-23 |y THESES | ||
| 999 | |c 24238 |d 24238 | ||
| 942 | |c THESES |2 lcc | ||
